Flagi województw Polski w Minecrafcie - Statystyki

Ogólne statystyki
  • Ten quiz został rozwiązany 924 razy
  • Średni wynik to 11 z 16
Statystyki odpowiedzi
Obrazkowy Odpowiedź % Poprawnych
dolnośląskie
84%
lubelskie
76%
opolskie
76%
podlaskie
74%
śląskie
74%
kujawsko-pomorskie
72%
mazowieckie
72%
lubuskie
70%
łódzkie
68%
pomorskie
68%
wielkopolskie
68%
małopolskie
67%
świętokrzyskie
64%
zachodniopomorskie
64%
podkarpackie
63%
warmińsko-mazurskie
61%
Nie znaleziono quizów pasujących do podanych kryteriów
Rozkład punktacji
Procent ludzi z każdym wynikiem
Percentyl według liczby udzielonych odpowiedzi
Twoja historia wyników
Nie rozwiązałeś tego quizu